| 000 | 01265nam a2200301Ia 4500 | ||
|---|---|---|---|
| 003 | GCL | ||
| 008 | 140319s9999 xx 000 0 ara d | ||
| 040 |
_aGCL / _cGCL |
||
| 082 | 0 | 4 |
_aق _b320.962 _bأ ق |
| 100 | 1 | _aنبيل عبدالفتاح | |
| 245 | 1 | 0 |
_aالقضاة والاصلاح السياسى / _cنبيل عبدالفتاح |
| 700 | 1 | _aاحمد عبدالحفيظ | |
| 250 | _aالاولى | ||
| 260 |
_aالقاهرة : _bمركز القاهرة لدراسات حقوق الانسان ، _c2006 |
||
| 300 |
_a705ص ؛ _c24سم |
||
| 490 |
_aسلسلة قضايا الاصلاح _v13 |
||
| 650 | 0 | 4 | _aالحصانة القضائية |
| 650 | 0 | 4 | _aالقضاة المصريون |
| 650 | 0 | 4 | _aالرقابة القضائية |
| 650 | 0 | 4 | _aالسلطة القضائية - مصر |
| 650 | 0 | 4 | _aالفساد السياسى - مصر |
| 650 | 0 | 4 | _aالسلطة القضائية - مصر - الاحوال السياسية |
| 650 | 0 | 4 | _aالضبط القضائى - مصر |
| 650 | 0 | 4 | _aالمحكمة الدستورية العليا - الدور السياسى |
| 650 | 0 | 4 | _aنادى القصاة - مصر - الدور السياسى |
| 650 | 0 | 4 | _aالسلطة القضائية - مصر - مراقبة الانتخابات |
| 942 |
_2ddc _cBK |
||
| 999 |
_c9546 _d9546 |
||